00438nam a22001457a 4500008004100000020001800041050002600059100002700085245003300112260006200145300002200207650002100229650002000250650002200270151027b xxu||||| |||| 00| 0 eng d a9789966258984 aAFR PR 6029 .O79 2015 aOrwell, George.d2015. aAnimal FarmcGeorge, Orwell. aKampala,bEast African Educational Publishers Ltd,c2015. axvi, 104p.c18cm. aDomestic animals aTotalitarianism aPolitical fiction